| Tag |
First Indicator |
Second Indicator |
Subfields |
| LEADER |
00000cam a22000001a 4500 |
| 001 |
in00003376310 |
| 006 |
m d f |
| 007 |
cr bn mmmapmmp |
| 008 |
100715s1996 dcu o f000 0 eng d |
| 005 |
20260430154501.6 |
| 035 |
|
|
|a cis2007890080
|
| 040 |
|
|
|a ProQuest
|c ProQuest
|d UtOrBLW
|
| 043 |
|
|
|a n-us---
|
| 099 |
|
|
|a CRS-1996-EPW-0013
|
| 110 |
2 |
|
|a Library of Congress.
|b Congressional Research Service.
|
| 245 |
1 |
0 |
|a Trade Adjustment Assistance :
|b The Program for Workers.
|
| 264 |
|
1 |
|a [Place of publication not identified] :
|b [publisher not identified],
|c 1996.
|
| 300 |
|
|
|a 1 online resource.
|
| 336 |
|
|
|a text
|b txt
|2 rdacontent
|
| 337 |
|
|
|a computer
|b c
|2 rdamedia
|
| 338 |
|
|
|a online resource
|b cr
|2 rdacarrier
|
| 500 |
|
|
|a Record is based on bibliographic data in ProQuest U.S. Congressional Research Digital Collection (last viewed July 2010). Reuse except for individual research requires license from ProQuest, LLC.
|
| 500 |
|
|
|a CRS Report.
|
| 520 |
|
|
|a Describes origin of efforts to help workers adversely affected by U.S. trade policy as provided under the Trade Act of 1974 as amended and the North American Free Trade Agreement. Discusses certification, allowances, services, and funding of current program; program evaluation; and policy issues.
|
| 500 |
|
|
|a Electronic resource.
|
| 650 |
|
0 |
|a Employment agencies.
|
| 650 |
|
0 |
|a Occupational retraining.
|
| 650 |
|
0 |
|a Trade adjustment assistance.
|
| 655 |
|
7 |
|a Electronic books.
|2 local
|
| 710 |
2 |
|
|a ProQuest (Firm)
|
| 776 |
0 |
8 |
|i Microfiche version:
|a Library of Congress. Congressional Research Service.
|t Trade Adjustment Assistance
|
| 830 |
|
0 |
|a U.S. Congressional Research.
|
| 856 |
4 |
0 |
|u http://proxy.library.tamu.edu/login?url=https://congressional.proquest.com/congcomp/getdoc?CRDC-ID=CRS-1996-EPW-0013
|z Connect to the full text of this electronic book
|t 0
|
| 999 |
|
|
|a MARS
|
| 999 |
f |
f |
|s e1de57c3-462d-3616-8fce-b68ba76543d0
|i 53eca7b6-8b25-3cbc-b6cf-80cc8ab83aa8
|t 0
|
| 952 |
f |
f |
|a Texas A&M University
|b College Station
|c Electronic Resources
|s www_evans
|d Available Online
|t 0
|e CRS-1996-EPW-0013
|h Other scheme
|
| 998 |
f |
f |
|a CRS-1996-EPW-0013
|t 0
|l Available Online
|